000 01013cam a2200277 a 4500
999 _c4824
_d4824
001 3525660
003 OSt
005 20191125122330.0
008 960723s1996 si a f 001 0 eng c
010 _a 96032476
020 _a981022849X (pbk.)
020 _a9810228023
040 _aDNLM/DLC
_cDLC
_dDLC
082 _aQY90 W162c 1996
100 1 _aWalmsley, R. N.; Cain, H. J.; Walmsley, R. N.
_93293
245 1 0 _aChemical Pathology:
_binterpretative pocket book
260 _aSingapore;
_bWorld Scientific,
_c1996.
300 _axiii, 208 p. :
_bill. ;
_c19 cm.
500 _aCompanion vol. to: Cases in chemical pathology / R.N. Walmsley, L.R. Watkinson, E.S.C. Koay. 3rd ed. c1992.
500 _aIncludes index.
650 0 _aClinical chemistry
_910349
650 1 2 _aClinical pathology
_910350
906 _a7
_bcbc
_corignew
_d1
_eocip
_f19
_gy-gencatlg
942 _2z
_cO_SHELF